000 00399nam a22001697a 4500
003 OSt
005 20260520123001.0
008 260520b |||||||| |||| 00| 0 eng d
040 _cAL
082 _a333.25 MEET
100 _aMeena Ragunathan
_9264185
245 _aThe green action guide
260 _aAhamedabad
_bCEE
_c1997
300 _a92p
650 _aEconomics
_9264186
942 _2ddc
_cBED
999 _c241472
_d241472